Statistics for Movies By 1 Actor and 1 Actress - Margot Robbie

Click here to take the quiz!

General Stats

  • This quiz has been taken 13 times
  • The average score is 12 of 19

Answer Stats

CastMovie% Correct
Leonardo DiCaprio, Joanna LumleyThe Wolf of Wall Street
100%
Brad Pitt, Margaret QualleyOnce Upon a Time in Hollywood
92%
Brad Pitt, Olivia WildeBabylon
83%
Ryan Gosling, Helen MirrenBarbie
83%
Will Smith, Viola DavisSuicide Squad
83%
Idris Elba, Viola DavisThe Suicide Squad
83%
Sebastian Stan, Julianne NicholsonI Tonya
75%
Charlize Theron, John LithgowBombshell
67%
Christian Bale, Anya Taylor-JoyAmsterdam
58%
Ewan McGregor, Mary Elizabeth WinsteadBirds of Prey
58%
Will Smith, Stephenie AnoreFocus
58%
Scarlett Johansson, Tom HanksAsteroid City
50%
Alexander Skarsgard, Charlene DurrantThe Legend of Tarzan
50%
Finn Cole, Darby CampDreamland
42%
Sia, Sam NeillPeter Rabbit
42%
Simon Pegg, Katarina CasTerminal
42%
Domnhall Gleeson, Rachel McAdamsAbout Time
33%
Tina Fey, Martin FreemanWhiskey Tango Foxtrot
33%
Domnhall Gleeson, Kelly MacdonaldGoodbye Christopher Robin
25%

Score Distribution

Percentile by Number Answered

Percent of People with Each Score

Your Score History

You have not taken this quiz